The Oxford handbook of interdisciplinarity

Αποθηκεύτηκε σε:
Λεπτομέρειες βιβλιογραφικής εγγραφής
Άλλοι συγγραφείς: Frodeman, Robert (Επιμελητής έκδοσης), Klein, Julie Thompson (edtf), Mitcham, Carl (Επιμελητής έκδοσης)
Μορφή: Βιβλίο
Γλώσσα:English
Δημοσίευση: Oxford : Oxford University Press, 2012.
Θέματα:
Ετικέτες: Προσθήκη ετικέτας
Δεν υπάρχουν, Καταχωρήστε ετικέτα πρώτοι!

MARC

LEADER 00000cam a2200000 i 4500
001 1/56299
008 140917s2012 enk| ||| |||| ||eng||
020 |a 9780199643967   |q (χαρτόδετο) 
035 |l 10119157 
040 |a GR-MyUa  |b gre  |e AACR2 
041 0 |a eng 
082 7 |a 001   |2 (23) 
245 0 4 |a The Oxford handbook of interdisciplinarity /   |c Robert Frodeman, editor-in-chief ; Julie Thompson Klein, Carl Mitcham, editors. 
260 |a Oxford :   |b Oxford University Press,   |c 2012. 
300 |a xxxix, 580 σ. ;   |c 25 εκ. 
504 |a Περιλαμβάνει βιβλιογραφίες και ευρετήριο. 
650 0 |a Interdisciplinary approach to knowledge. 
650 0 |a Interdisciplinary research. 
700 1 |a Frodeman, Robert,  |e edt 
700 1 |a Klein, Julie Thompson,  |e edtf 
700 1 |a Mitcham, Carl,  |e edt 
852 |a INST  |b SYROS  |e 20140917  |h 001 OXF  |p 005500012495  |q 005500012495  |t BK  |y 0 
901 |a BIBL5-2014-3 
922 |a 5ΕΛΗ  |b 201405  |c Βιβλιοθήκη Σύρου  |d ΔΙΑΔΡΟΜΕΣ 
970 |a Κοντού  |b Παρασκευή  |z 17/09/2014